日本のダム 貯水量順Top30 - Statistics

General Stats
  • This quiz has been taken 58 times
  • The average score is 7 of 30
Answer Stats
No 総貯水容量(m2) 所在地 河川名 ダム湖名(ダム名と異なる場合のみ) ダム名 % Correct
1 660,000,000 岐阜県 揖斐川 徳山
76%
6 353,000,000 福井県 九頭竜川 九頭竜
60%
7 326,848,000 静岡県、愛知県 天竜川 佐久間
60%
2 601,000,000 福島県、新潟県 只見川 奥只見湖 (銀山湖) 奥只見
58%
9 316,000,000 高知県 吉野川 さめうら湖 早明浦
51%
4 433,000,000 北海道 夕張川 シューパロ湖 夕張シューパロ
49%
17 199,285,000 富山県 黒部川 黒部
47%
3 494,000,000 福島県 只見川 田子倉
42%
20 189,100,000 東京都 多摩川 奥多摩湖 (小河内貯水池) 小河内
33%
5 370,000,000 岐阜県 庄川 御母衣
22%
7 338,400,000 奈良県 北山川 池原
22%
14 224,653,000 北海道 雨竜川 朱鞠内湖 雨竜第一
22%
25 150,000,000 静岡県 大井川 井川
20%
19 193,000,000 神奈川県 中津川 宮ヶ瀬
18%
18 193,900,000 北海道 音更川 糠平
16%
10 261,315,000 宮崎県 一ツ瀬川 米良湖 一ツ瀬
13%
11 254,000,000 秋田県 玉川 宝仙湖 玉川
13%
12 231,000,000 石川県 手取川 手取川
13%
16 204,300,000 群馬県 利根川 奥利根湖 矢木沢
11%
15 222,000,000 富山県 和田川 有峰
7%
22 153,500,000 山口県 阿武川 阿武川
7%
12 229,000,000 北海道 静内川 高見
4%
21 173,500,000 岐阜県 馬瀬川 東仙峡金山湖 岩屋
4%
23 153,000,000 福島県 摺上川 茂庭っ湖 摺上川
4%
23 150,450,000 北海道 空知川 かなやま湖 金山
4%
26 147,000,000 北海道 幾春別川 桂沢湖 新桂沢
4%
30 140,900,000 青森県 岩木川 津軽白神湖 津軽
4%
27 146,500,000 岩手県 猿ヶ石川 田瀬
2%
27 145,000,000 北海道 新冠川 新冠
2%
29 143,000,000 岩手県 胆沢川 奥州湖 胆沢
2%
No matching quizzes found
Score Distribution
Percent of People with Each Score
Percentile by Number Answered
Your Score History
You have not taken this quiz